000 00642nam a2200217Ia 4500
005 20250508164345.0
008 008 250505s9999 xx 000 0 eng d
020 _a81-87171-49-9
037 _aReference
040 _aFEDL
_beng
_cFEDL
041 _aeng
_2eng
084 _a330, EKL
_qFEDL
245 0 _aEconomics : Banks and taxes : A module from the social studies, class 8th
260 _aBhopal, India
_bEklavya Publication
_c2003
300 _a23p
365 _aINR
_b20
546 _aA module from the book social studies class 8th
650 _aEconomics
942 _cREF
_h330, EKL
999 _c1388726
_d1388726